LEADER 00847nas a2200229 i 4500 001 000000203461 003 CaOOAMICUS 005 20120117000000.0 008 110627b2011 ne uu u0 0mul r 013 $a182174 040 $aSeMil$bita 245 10$a[2011 : 2]. 260 $aLeiden ; Boston :$bBrill,$ccopyr. 2011. 300 $aP. [141]-292 :$b[1] p. di tav. ;$c24 cm. 500 $aArticoli con sintesi in inglese [Abstract] in testa. 773 0 $tJournal for the Study of Judaism.$dLeiden : Brill $x0047-2212$w()2390 774 0 $t[vedi periodico].$w()275523 850 $aSeMil 852 $aSeMil$W1$xVenegono$y1$m239 1 67$j153955$B153955$CSeMilBibl$Z2$F171567 $85 961 $aAbbonamento: Brill 996 $6245$a[2011 : 2]$9(OLS)http://semarc/title/291223 996 $6260$aLeiden ; Boston :$bBrill$9(OLS)http://semarc/publisher/39473 LEADER 01354nam a2200301 i 4500 001 000000063448 003 CaOOAMICUS 005 20260130081002.0 008 980811s1980 it u000 u ita u 040 $aSeMil$bita 100 1 $aNewman, John Henry,$c.$0(OLS)http://semarc/name/1226 240 13$aAn essay in aid of grammar of assent.$0(OLS)http://semarc/title/100222 245 10$aGrammatica dell'assenso /$cJohn Henry Newman ; [trad. di Ugo Tolomei]. 264 1$aMilano :$bJaca Book ;$aBrescia :$bMorcelliana,$c1980. 300 $aXVII, 321 p. ;$c23 cm. 490 0 $aGià e non ancora ;$v68 650 4$aFede.$0(OLS)http://semarc/subject/589 650 4$aReligione.$0(OLS)http://semarc/subject/3159 700 1 $aTolomei, Ugo.$0(OLS)http://semarc/name/32071 830 0$aJohn Henry Newman Opere.$0(OLS)http://semarc/title/457893 830 0$aGià e non ancora ;$v68.$0(OLS)http://semarc/title/5902 850 $aSeMil 852 $aSeMil$W1$xVenegono$y1$m2LA Y 4$j266764$B29601$CSeMilBibl$Z2$F29604 $81 961 $aRecupero: Bellini don Enzo 996 $6245$aGrammatica dell'assenso$9(OLS)http://semarc/title/100221 996 $6264$aMilano :$bJaca Book$9(OLS)http://semarc/publisher/29781 996 $6264$aBrescia :$bMorcelliana$9(OLS)http://semarc/publisher/29629